<?xml version="1.0" encoding="UTF-8"?>
<record
    xmlns:xsi="http://www.w3.org/2001/XMLSchema-instance"
    xsi:schemaLocation="http://www.loc.gov/MARC21/slim http://www.loc.gov/standards/marcxml/schema/MARC21slim.xsd"
    xmlns="http://www.loc.gov/MARC21/slim">

  <leader>00871nam a22002657a 4500</leader>
  <controlfield tag="001">3909</controlfield>
  <controlfield tag="003">FISKH</controlfield>
  <controlfield tag="005">20240524154009.0</controlfield>
  <controlfield tag="008">240523b        cb ||||| |||| 00| 0 eng d</controlfield>
  <datafield tag="040" ind1=" " ind2=" ">
    <subfield code="a">FISK </subfield>
    <subfield code="b">eng </subfield>
    <subfield code="c">FISK </subfield>
    <subfield code="d">FISK </subfield>
  </datafield>
  <datafield tag="050" ind1=" " ind2=" ">
    <subfield code="a">PZ7.S41267 </subfield>
  </datafield>
  <datafield tag="082" ind1=" " ind2=" ">
    <subfield code="a">813.54 </subfield>
  </datafield>
  <datafield tag="100" ind1=" " ind2=" ">
    <subfield code="a">Scieszka Jon </subfield>
    <subfield code="d">1954- </subfield>
  </datafield>
  <datafield tag="245" ind1=" " ind2=" ">
    <subfield code="a">The knights of the kitchen table / </subfield>
    <subfield code="b">The time warp trio </subfield>
    <subfield code="c">by Jon Scieszka </subfield>
  </datafield>
  <datafield tag="260" ind1=" " ind2=" ">
    <subfield code="a">New York : </subfield>
    <subfield code="b">Puffin Books ,</subfield>
    <subfield code="c">1993 </subfield>
  </datafield>
  <datafield tag="300" ind1=" " ind2=" ">
    <subfield code="a">55 pages : </subfield>
    <subfield code="b">illustrations ; </subfield>
    <subfield code="c">20 cm </subfield>
  </datafield>
  <datafield tag="490" ind1=" " ind2=" ">
    <subfield code="v">1 number </subfield>
  </datafield>
  <datafield tag="505" ind1=" " ind2=" ">
    <subfield code="a">K </subfield>
  </datafield>
  <datafield tag="520" ind1=" " ind2=" ">
    <subfield code="a">When Joe, Fred, and Sam are sent back in time by a magic book, they find themselves face-to-face with giants, dragons, wizards, and the Knights of the Round Table. </subfield>
  </datafield>
  <datafield tag="521" ind1="8" ind2=" ">
    <subfield code="a">540
</subfield>
    <subfield code="b">Lexile estimate </subfield>
  </datafield>
  <datafield tag="521" ind1="8" ind2=" ">
    <subfield code="a">K </subfield>
    <subfield code="b">Raz-Plus </subfield>
  </datafield>
  <datafield tag="700" ind1=" " ind2=" ">
    <subfield code="a">Jon Scieszka </subfield>
  </datafield>
  <datafield tag="942" ind1=" " ind2=" ">
    <subfield code="2">ddc</subfield>
    <subfield code="c">BK</subfield>
    <subfield code="n">0</subfield>
  </datafield>
  <datafield tag="999" ind1=" " ind2=" ">
    <subfield code="c">3909</subfield>
    <subfield code="d">3909</subfield>
  </datafield>
  <datafield tag="952" ind1=" " ind2=" ">
    <subfield code="0">0</subfield>
    <subfield code="1">0</subfield>
    <subfield code="2">ddc</subfield>
    <subfield code="4">0</subfield>
    <subfield code="7">0</subfield>
    <subfield code="8">FIC</subfield>
    <subfield code="a">001</subfield>
    <subfield code="b">001</subfield>
    <subfield code="c">TTP</subfield>
    <subfield code="d">2024-05-23</subfield>
    <subfield code="l">0</subfield>
    <subfield code="o">SCI PZ7.S41267 813.54 </subfield>
    <subfield code="p">2024-0679</subfield>
    <subfield code="r">2024-05-23 10:22:51</subfield>
    <subfield code="t">1</subfield>
    <subfield code="w">2024-05-23</subfield>
    <subfield code="y">BK</subfield>
  </datafield>
</record>
